Rangos del Ejército de Tierra Español - Estadísticas

Estadísticas generales
  • Esta prueba ha sido intentada 3.825 veces
    3.815 desde el último reinicio
  • La puntuación promedio es 10 de 21
Estadísticas de respuestas
Rangos % Correcto
Cabo
84%
Soldado
82%
Soldado de Primera
82%
Teniente
78%
Capitán
74%
Coronel
69%
Sargento
66%
Comandante
48%
Teniente Coronel
47%
Cabo Primero
42%
Alférez
41%
Capitán General
41%
Sargento Primero
31%
Subteniente
30%
Brigada
27%
Teniente General
26%
General de Brigada
24%
Cabo Mayor
23%
General de División
20%
Suboficial mayor
14%
General del Ejército
12%
No se encontraron pruebas coincidentes
Distribución de puntuación
Porcentaje de gente con cada puntuación
Porcentaje por número respondido
Historial de tus puntuaciones
No has intentado esta prueba desde el último reinicio